| 000 | 00717nam a2200193Ii 4500 | ||
|---|---|---|---|
| 003 | JO-AjNU | ||
| 008 | 230605s9999||||xx |||||||||||||| ||und|| | ||
| 040 |
_aJO-AjNU _bara _erda _cJO-AjNU |
||
| 041 | _aara | ||
| 050 | 1 | 4 | _aLG395.J35.J35 1998 |
| 100 | 3 |
_aجامعة اليرموك, _eauthor _945907 |
|
| 245 | 0 | 0 | _aالسنابل 1998 الكتاب السنوي لجامعة اليرموك |
| 264 | 3 | 1 | _aإربد:جامعة اليرموك،1998 |
| 300 |
_a365ص _bصور توضيحية |
||
| 336 |
_atext _btxt _2rdacontent |
||
| 337 |
_aunmediated _bn _2rdamedia |
||
| 338 |
_avolume _bnc _2rdacarrier |
||
| 650 | 4 |
_a الجامعات والكليات-الأردن-كتب سنوية-جامعة اليرموك _945908 |
|
| 999 |
_aA19933 _c23501 _d23501 |
||